[Event "15th London Classic Open"]
[Site "London ENG"]
[Date "2025.11.28"]
[Round "2.50"]
[White "Khoo-Thwe, Louis"]
[Black "Rushbrooke, Remy"]
[Result "0-1"]
[WhiteTitle "CM"]
[WhiteElo "2225"]
[BlackElo "2119"]
[WhiteFideId "1538756"]
[BlackFideId "443590"]
[EventDate "2025.11.27"]

1. e4 c5 2. Nf3 Nc6 3. d4 cxd4 4. Nxd4 e5 5. Nb5 d6 6. c4 Be6 7. Bd3 g6 8. N5c3
Bg7 9. Nd5 Nf6 10. Nbc3 Bxd5 11. Nxd5 Nxd5 12. cxd5 Nd4 13. O-O O-O 14. Be3 Qb6
15. Qa4 Rac8 16. Rac1 h6 17. b3 Rfd8 18. h3 a6 19. Kh2 Rc5 20. Rxc5 dxc5 21. Bd2
Qd6 22. Qa5 Rc8 23. Rc1 b5 24. Be3 Nf5 25. Bd2 Nd4 26. Kh1 Kh7 27. Be3 h5 28.
Qd2 Rc7 29. Qd1 Bh6 30. g4 hxg4 31. hxg4 Qf6 32. Kg2 Kg7 33. Bxh6+ Kxh6 34. Qd2+
Kg7 35. Qe3 Rc8 36. g5 Qd6 37. Rh1 Rh8 38. Rxh8 Kxh8 39. Qh3+ Kg7 40. Qg4 Qe7
41. f4 c4 42. f5 Qc5 43. f6+ Kg8 44. Qd7 cxd3 45. d6 Qc6 46. Qd8+ Kh7 47. Qf8
Qxe4+ 48. Kg1 Qe3+ 49. Kh1 Qf3+ 50. Kh2 Qh5+ 51. Kg1 Qxg5+ 52. Kh1 Qh4+ 53. Kg2
Qg5+ 54. Kh1 Qh6+ 0-1

[Event "15th London Classic Open"]
[Site "London ENG"]
[Date "2025.11.28"]
[Round "2.51"]
[White "Han, Qixiang"]
[Black "Gallana, Marco"]
[Result "1/2-1/2"]
[WhiteElo "2104"]
[BlackElo "2225"]
[WhiteFideId "496952"]
[BlackFideId "824542"]
[EventDate "2025.11.27"]

1. d4 Nf6 2. c4 e6 3. Nf3 b6 4. Bf4 Bb7 5. e3 Be7 6. Nc3 Ne4 7. Qc2 Nxc3 8. Qxc3
O-O 9. Be2 d6 10. O-O Nd7 11. Qc2 Nf6 12. Bd3 h6 13. e4 c5 14. dxc5 bxc5 15. e5
dxe5 16. Nxe5 Nh5 17. Rad1 Qb6 18. Be3 Qc7 19. f4 Nf6 20. Qe2 Rad8 21. Bb1 Rxd1
22. Rxd1 Rd8 23. Rxd8+ Qxd8 24. f5 Bd6 25. Bf4 Qe7 26. Qe3 exf5 27. Bxf5 Nh5 28.
Nd3 Nxf4 29. Qxe7 Bxe7 30. Nxf4 Bf6 31. b3 g6 32. Bc2 Bd4+ 33. Kf1 Be5 34. Nd3
Bd6 35. g3 Kg7 36. Kf2 f5 37. Bd1 g5 38. Bf3 Bc8 39. Ke3 Kf6 40. Bd5 Bd7 41. a3
a5 42. Kf3 Be8 43. Ke3 h5 44. b4 cxb4 45. c5 Bc7 46. axb4 h4 47. bxa5 Bxa5 48.
gxh4 gxh4 49. h3 Bc7 50. Bf3 Bb5 51. Nf4 Bxf4+ 52. Kxf4 Bf1 53. Bg4 fxg4 54.
Kxg4 Ke6 55. Kxh4 1/2-1/2

[Event "15th London Classic Open"]
[Site "London ENG"]
[Date "2025.11.28"]
[Round "2.52"]
[White "Pollack, Oscar"]
[Black "Richardson, John R"]
[Result "1-0"]
[BlackTitle "FM"]
[WhiteElo "2099"]
[BlackElo "2224"]
[WhiteFideId "429414"]
[BlackFideId "401617"]
[EventDate "2025.11.27"]

1. e4 c5 2. Nc3 Nc6 3. Bb5 Nd4 4. Nf3 Nxb5 5. Nxb5 a6 6. Nc3 g6 7. d4 Bg7 8.
dxc5 Qa5 9. O-O Bxc3 10. bxc3 Qxc5 11. Be3 Qc7 12. Qd4 Nf6 13. e5 Nh5 14. Bh6
Rg8 15. Rfe1 b5 16. a4 bxa4 17. Rxa4 Bb7 18. Rc4 Bc6 19. Ng5 Qa5 20. Ne4 Bxe4
21. Qxe4 Rd8 22. Be3 Ng7 23. Rb4 Qa3 24. Bb6 Ne6 25. Bxd8 Nxd8 26. Qd4 Nc6 27.
Qc5 Nd8 28. Qc7 e6 29. Rd1 1-0

[Event "15th London Classic Open"]
[Site "London ENG"]
[Date "2025.11.28"]
[Round "2.53"]
[White "Abhyuday, Santhosh"]
[Black "Aditya, Kunal Patil"]
[Result "0-1"]
[WhiteTitle "CM"]
[BlackTitle "CM"]
[WhiteElo "2094"]
[BlackElo "2208"]
[WhiteFideId "25624849"]
[BlackFideId "25656716"]
[EventDate "2025.11.27"]

1. e4 c5 2. Nf3 e6 3. d3 d5 4. Qe2 Nf6 5. g3 Be7 6. Bg2 Nc6 7. a4 Qa5+ 8. Bd2
Qb6 9. O-O Qxb2 10. Na3 Qb6 11. Rab1 Qd8 12. e5 Nd7 13. c4 O-O 14. Bh3 Kh8 15.
Rfe1 b6 16. Nb5 a6 17. cxd5 exd5 18. Nc3 Nb4 19. Bg2 Nb8 20. Rxb4 cxb4 21. Nxd5
Bb7 22. Nxb4 a5 23. Na2 Na6 24. Bc3 Nb4 25. Rd1 Nxa2 26. Qxa2 Rc8 27. Ba1 Bd5
28. Qb2 Qc7 29. Qd4 Rfd8 30. Qe3 Qc2 31. Rf1 Qxa4 32. Bh3 Be6 33. Bg2 Qa3 34.
Qxb6 Bc5 35. Qb7 Bd5 36. Qa6 Rc6 37. Qb7 Rcc8 38. Qa6 Bxf3 39. Bxf3 Qxd3 40. Qb7
Rb8 41. Qc6 Rdc8 42. Qd5 Rd8 43. Qxc5 Qxf3 44. Qxa5 Ra8 45. Qc3 Rd3 46. Qc1 Rad8
47. Qf4 Qxf4 48. gxf4 Rd1 49. Bc3 Rxf1+ 50. Kxf1 Rd3 51. Bb2 Kg8 52. Kg2 Kf8 53.
Bc1 Ke7 54. Be3 Ke6 55. Kg3 Kf5 56. Kf3 Rb3 57. Kg3 h6 58. Kh4 Rb4 59. Kg3 g6
60. Kf3 Ra4 61. Kg3 Re4 62. Kf3 h5 63. Kg3 Ra4 64. Kh3 Rxf4 65. Bxf4 Kxf4 66.
Kh4 Kxe5 67. Kg5 Ke4 68. f4 Kf3 69. f5 gxf5 70. Kxf5 h4 71. h3 Kg3 72. Ke4 f6 0-1

[Event "15th London Classic Open"]
[Site "London ENG"]
[Date "2025.11.28"]
[Round "2.54"]
[White "Li, Harry"]
[Black "Hryshchenko, Kamila"]
[Result "0-1"]
[BlackTitle "WFM"]
[WhiteElo "2206"]
[BlackElo "2066"]
[WhiteFideId "430145"]
[BlackFideId "14147491"]
[EventDate "2025.11.27"]

1. d4 b6 2. e4 Bb7 3. Bd3 e6 4. Nf3 Nf6 5. e5 Nd5 6. a3 c5 7. c4 Nc7 8. Nc3 d5
9. cxd5 exd5 10. O-O Be7 11. dxc5 bxc5 12. Qa4+ Qd7 13. Qf4 Ne6 14. Qg3 g6 15.
Bh6 Bc6 16. b3 Qb7 17. Nd2 Nd7 18. Rab1 a6 19. Rfe1 Bd8 20. Be2 Bc7 21. Bg4 f5
22. Bd1 Qa7 23. Nf3 O-O-O 24. Ne2 Rde8 25. b4 c4 26. a4 d4 27. Rc1 d3 28. Be3
Qb7 29. Nf4 Nxe5 30. Nxe5 Bxe5 31. Rxc4 Nxf4 32. Qf3 Kd7 33. Rxc6 Qxc6 34. Bxf4
Qxf3 0-1

[Event "15th London Classic Open"]
[Site "London ENG"]
[Date "2025.11.28"]
[Round "2.55"]
[White "Hill, Alistair"]
[Black "Badrinath, S."]
[Result "1/2-1/2"]
[BlackTitle "CM"]
[WhiteElo "2087"]
[BlackElo "2200"]
[WhiteFideId "432407"]
[BlackFideId "5029961"]
[EventDate "2025.11.27"]

1. d4 d5 2. Nf3 Nf6 3. c4 c6 4. e3 Bg4 5. h3 Bxf3 6. Qxf3 e6 7. Nc3 Bb4 8. Bd2
Nbd7 9. Qd1 O-O 10. Qb3 Ba5 11. Be2 dxc4 12. Qxc4 e5 13. Rd1 Qe7 14. Ne4 Bxd2+
15. Nxd2 Rad8 16. dxe5 Nxe5 17. Qb3 Nd5 18. O-O Qb4 19. a3 Qb6 20. Qc2 Rfe8 21.
Nf3 Nxf3+ 22. Bxf3 Nf6 23. Rxd8 Rxd8 24. Rd1 Rxd1+ 25. Qxd1 h6 26. Qd2 a5 27. g3
Qc5 28. Kg2 g6 29. b4 axb4 30. axb4 Qb5 31. Qd6 1/2-1/2

[Event "15th London Classic Open"]
[Site "London ENG"]
[Date "2025.11.28"]
[Round "2.56"]
[White "Laurent, Julien G."]
[Black "Sefton, Adam"]
[Result "1-0"]
[WhiteTitle "FM"]
[WhiteElo "2189"]
[BlackElo "2035"]
[WhiteFideId "618500"]
[BlackFideId "343400965"]
[EventDate "2025.11.27"]

1. Nf3 d5 2. g3 Bf5 3. Bg2 c6 4. O-O h6 5. d3 Nf6 6. c4 e6 7. b3 Be7 8. Bb2 O-O
9. Nbd2 Nbd7 10. Rc1 Bh7 11. Rc2 Re8 12. Qa1 Bd6 13. Ne5 Nxe5 14. Bxe5 Bxe5 15.
Qxe5 a5 16. Nf3 Qb6 17. h3 a4 18. Rb1 a3 19. b4 c5 20. Qc3 Ra4 21. cxd5 Rxb4 22.
Rbc1 Nxd5 23. Qxa3 Rc8 24. Rxc5 Rd8 25. Rc8 Rb5 26. Qa8 1-0

[Event "15th London Classic Open"]
[Site "London ENG"]
[Date "2025.11.28"]
[Round "2.57"]
[White "Harley, Andrew D"]
[Black "Hagesather, Arne"]
[Result "1/2-1/2"]
[WhiteTitle "FM"]
[WhiteElo "2182"]
[BlackElo "1975"]
[WhiteFideId "401390"]
[BlackFideId "1502476"]
[EventDate "2025.11.27"]

1. e4 c6 2. d4 d5 3. exd5 cxd5 4. c4 Nf6 5. Nc3 Nc6 6. Nf3 e6 7. c5 Be7 8. Bb5
O-O 9. O-O Na5 10. Ne5 Bd7 11. Nxd7 Nxd7 12. Qa4 Nb8 13. Be3 a6 14. Bd3 Nd7 15.
Qc2 h6 16. Rad1 f5 17. Ne2 Nc6 18. Qd2 Bg5 19. f3 Qe7 20. Bb1 Bxe3+ 21. Qxe3 b6
22. cxb6 Nxb6 23. b3 Nd7 24. Nf4 Rfe8 25. Rfe1 Nf8 26. Nd3 Qh4 27. Nc5 a5 28. g3
Qf6 29. f4 1/2-1/2

[Event "15th London Classic Open"]
[Site "London ENG"]
[Date "2025.11.28"]
[Round "2.58"]
[White "Varney, Zoe"]
[Black "Kapechun, Mikhailo"]
[Result "1-0"]
[WhiteTitle "WFM"]
[WhiteElo "2062"]
[BlackElo "2174"]
[WhiteFideId "436135"]
[BlackFideId "34147527"]
[EventDate "2025.11.27"]

1. e4 c5 2. Nf3 Nc6 3. d4 cxd4 4. Nxd4 Nf6 5. Nc3 d6 6. Bg5 e6 7. Qd2 a6 8.
O-O-O Be7 9. f4 Bd7 10. Kb1 b5 11. Bxf6 gxf6 12. f5 Qb6 13. Nf3 O-O-O 14. Bd3
Ne5 15. Rhf1 h5 16. h3 Kb8 17. Ne2 Rc8 18. Nf4 Qc5 19. fxe6 fxe6 20. Nxe5 dxe5
21. Ng6 Rhg8 22. Nxe7 Qxe7 23. Rf2 Rcf8 24. Rdf1 Bc6 25. Qe3 Kb7 26. Qe2 Rg5 27.
Qd2 Rg6 28. Qe2 Rg5 29. Qd2 Kb6 30. Qxg5 fxg5 31. Rxf8 g4 32. hxg4 hxg4 33. a3
Qh4 34. R1f7 Qe1+ 35. Ka2 Bxe4 36. Rb8+ Kc5 37. Rf1 Qe3 38. Rc8+ Kd6 39. Rd1
Bd5+ 40. c4 bxc4 41. Bxc4 Qe4 42. Rd8+ Kc5 43. Bxd5 exd5 44. Rc1+ Kd4 45. Rd1+
Kc4 46. Rc1+ Kd3 47. Rd1+ Ke2 48. R8xd5 Qc4+ 49. Kb1 Qf4 50. Kc2 Qa4+ 51. Kc1
Qc6+ 52. Kb1 e4 53. R5d2+ Ke3 54. Rc2 Qe6 55. Re1+ Kf4 56. Rce2 Qc4 57. Re3 g3
58. b4 Qd4 59. Rxe4+ Qxe4+ 60. Rxe4+ Kxe4 61. a4 Ke3 62. b5 axb5 63. axb5 Kf2
64. b6 Kxg2 65. b7 Kf2 66. b8=Q g2 67. Qf4+ Ke2 68. Qg3 Kf1 69. Qf3+ 1-0

[Event "15th London Classic Open"]
[Site "London ENG"]
[Date "2025.11.28"]
[Round "3.1"]
[White "Chasin, Nico"]
[Black "Praggnanandhaa, R"]
[Result "0-1"]
[WhiteTitle "IM"]
[BlackTitle "GM"]
[WhiteElo "2512"]
[BlackElo "2768"]
[WhiteFideId "30908477"]
[BlackFideId "25059530"]
[EventDate "2025.11.27"]

1. d4 Nf6 2. c4 e6 3. Nc3 Bb4 4. Qc2 Nc6 5. Nf3 d6 6. Bd2 O-O 7. a3 Bxc3 8. Bxc3
Qe7 9. e3 e5 10. dxe5 dxe5 11. Bd3 Re8 12. Nd2 e4 13. Be2 Bf5 14. g4 Nxg4 15.
Rg1 Qh4 16. O-O-O Nge5 17. Rg3 Bg6 18. Rdg1 Rad8 19. Qb3 Nf3 20. Bxf3 exf3 21.
Qxb7 Rxd2 22. Qxc6 Rc2+ 23. Kb1 Rb8 24. Ka1 Rxc3 25. bxc3 Qe7 26. Ka2 Rd8 27.
Kb3 Rb8+ 28. Ka2 Qd8 29. Qd5 Qe8 30. Rxg6 hxg6 31. Rb1 Rd8 32. Qxf3 Qe5 33. Rd1
Rb8 34. Rb1 Rxb1 35. Kxb1 Qxc3 36. Qa8+ Kh7 37. Qxa7 Qxc4 38. Qd4 Qf1+ 39. Kb2
Qxf2+ 40. Kb3 Qxh2 41. a4 Qh1 42. a5 g5 43. a6 g4 44. a7 g3 45. Qd3+ g6 46. Qd4
Qb7+ 47. Kc2 c5 48. Qh4+ Kg7 49. Qa4 g2 50. Qa1+ Kh7 51. Kd3 g1=Q 52. Qxg1 Qxa7 0-1

[Event "15th London Classic Open"]
[Site "London ENG"]
[Date "2025.11.28"]
[Round "3.2"]
[White "Fernandez, Daniel Howard"]
[Black "Yuffa, Daniil"]
[Result "1/2-1/2"]
[WhiteTitle "GM"]
[BlackTitle "GM"]
[WhiteElo "2501"]
[BlackElo "2618"]
[WhiteFideId "5801605"]
[BlackFideId "24131423"]
[EventDate "2025.11.27"]

1. e4 c5 2. Nf3 d6 3. Bb5+ Nd7 4. O-O a6 5. Bxd7+ Bxd7 6. c3 e6 7. d4 Ne7 8.
dxc5 dxc5 9. Ne5 Ng6 10. Qxd7+ Qxd7 11. Nxd7 Kxd7 12. Nd2 Bd6 13. Nf3 Kc6 14.
Rd1 Rad8 15. Kf1 h6 16. h4 h5 17. Be3 f6 18. Rd2 Bf4 19. Rad1 Rxd2 20. Bxd2 Rd8
21. g3 Bxd2 22. Rxd2 Rxd2 23. Nxd2 b5 24. Ke2 c4 25. f4 Nf8 26. Nf3 Nd7 27. Nd4+
Kd6 28. b4 cxb3 29. axb3 g6 30. b4 e5 31. Nf3 Ke6 32. Ke3 Kd6 33. f5 gxf5 34.
exf5 Nb6 35. Nd2 Ke7 36. Nb3 Nc4+ 37. Kf3 Nd6 38. g4 hxg4+ 39. Kxg4 Ne4 40. Nc5
Nxc3 41. Nxa6 Nd5 42. Kf3 Kf7 43. Ke4 Nc3+ 44. Kd3 Nd5 45. Ke4 1/2-1/2

[Event "15th London Classic Open"]
[Site "London ENG"]
[Date "2025.11.28"]
[Round "3.3"]
[White "Travadon, Loic"]
[Black "Pranav, Anand"]
[Result "0-1"]
[WhiteTitle "IM"]
[BlackTitle "GM"]
[WhiteElo "2492"]
[BlackElo "2581"]
[WhiteFideId "26092131"]
[BlackFideId "46626786"]
[EventDate "2025.11.27"]

1. e4 c5 2. Nf3 d6 3. d4 cxd4 4. Nxd4 Nf6 5. Nc3 a6 6. Qd3 Nbd7 7. Be2 e6 8. a4
b6 9. Qg3 Bb7 10. O-O h5 11. h4 Qc7 12. Bg5 Be7 13. Rad1 g6 14. f3 Rc8 15. Kh1
Qb8 16. Rfe1 Kf8 17. Bf1 e5 18. Nb3 Kg7 19. Nd2 Rhe8 20. Nc4 Bf8 21. Rd2 Rc6 22.
Qh3 Bc8 23. Qg3 Bb7 24. Qh3 Bc8 25. Red1 b5 26. axb5 Rxc4 27. Bxc4 Nb6 28. Qg3
Nxc4 29. Rf2 Nh7 30. Bc1 axb5 31. b3 b4 32. Nd5 Nb6 33. Nxb4 Be6 34. Nd3 Nd7 35.
Rfd2 Kg8 36. Nf2 Rc8 37. Nh3 Qb4 38. Ng5 Nxg5 39. Qxg5 Nc5 40. Rf2 Qb7 41. Qg3
Rc6 42. Be3 Nd7 43. Rfd2 Rc3 44. Qf2 f5 45. Rd3 Rxd3 46. cxd3 Qxb3 47. Qe2 Be7
48. Bg5 Bxg5 49. hxg5 Kf7 50. exf5 Bxf5 51. d4 Qc2 52. Qf1 Qa4 53. dxe5 dxe5 54.
Kg1 Ke7 55. Qe2 Qf4 56. Qd2 Qxd2 57. Rxd2 Nf8 58. g3 Nh7 59. f4 exf4 60. gxf4
Nf8 61. Kf2 Nd7 62. Kg3 Ke6 63. Re2+ Kd5 64. Re7 Kd4 65. Kh4 Nc5 66. Re5 Ne6 67.
Kg3 Nxg5 68. Re1 h4+ 69. Kf2 Ne4+ 70. Kf3 Nd2+ 71. Kg2 Bg4 72. Kf2 Ne4+ 73. Kg2
h3+ 74. Kh2 Kd3 75. Rg1 Bf5 76. Rxg6 Bxg6 77. Kxh3 Bf5+ 78. Kh4 Ke3 79. Kh5 Kxf4
80. Kh6 Nd6 81. Kg7 Kg5 82. Kg8 Kg6 83. Kh8 Kf6 84. Kg8 Nf7 85. Kf8 Bh7 86. Ke8
Ne5 87. Kd8 Be4 88. Ke8 Bd5 89. Kf8 Nd7+ 90. Ke8 Ke6 91. Kd8 Kd6 92. Ke8 Bc4 93.
Kd8 Bf7 94. Kc8 Nc5 95. Kd8 Nb7+ 96. Kc8 Kc6 97. Kb8 Be6 98. Ka7 Nc5 99. Kb8 Kb6
100. Ka8 Bf5 101. Kb8 Na6+ 102. Ka8 Be4# 0-1

[Event "15th London Classic Open"]
[Site "London ENG"]
[Date "2025.11.28"]
[Round "3.4"]
[White "Wadsworth, Matthew J"]
[Black "Sanal, Vahap"]
[Result "1/2-1/2"]
[WhiteTitle "GM"]
[BlackTitle "GM"]
[WhiteElo "2487"]
[BlackElo "2546"]
[WhiteFideId "415804"]
[BlackFideId "6300545"]
[EventDate "2025.11.27"]

1. Nf3 d5 2. g3 Nf6 3. Bg2 e6 4. O-O Be7 5. c4 O-O 6. d4 a5 7. Nc3 c6 8. b3 b6
9. Bb2 Ba6 10. a3 Ra7 11. Re1 dxc4 12. bxc4 Bxc4 13. Ne5 Ba6 14. Qb3 Bb7 15.
Red1 Nfd7 16. Rac1 Nxe5 17. dxe5 Nd7 18. Ne4 c5 19. Nf6+ gxf6 20. exf6 Bxf6 21.
Rxd7 Qxd7 22. Bxf6 Qd2 23. Rc4 Rd8 24. Rg4+ Kf8 25. Bxd8 Qxd8 26. Qe3 Bxg2 1/2-1/2

[Event "15th London Classic Open"]
[Site "London ENG"]
[Date "2025.11.28"]
[Round "3.5"]
[White "Gavrilescu, David"]
[Black "Greenfeld, Alon"]
[Result "1/2-1/2"]
[WhiteTitle "GM"]
[BlackTitle "GM"]
[WhiteElo "2542"]
[BlackElo "2465"]
[WhiteFideId "1227190"]
[BlackFideId "2800039"]
[EventDate "2025.11.27"]

1. e4 c5 2. Nf3 d6 3. Bb5+ Bd7 4. Bxd7+ Nxd7 5. O-O e6 6. c4 Ngf6 7. Nc3 Ne5 8.
Ne1 g6 9. f4 Nc6 10. d3 Bg7 11. Kh1 O-O 12. Nf3 Nd7 13. Qe1 Nd4 14. Rb1 Qb6 15.
Bd2 Qc6 16. Qf2 f5 17. Rbe1 Rae8 18. Nxd4 cxd4 19. Nb5 Qb6 20. exf5 Rxf5 21. Re4
Nf6 22. Qxd4 Nxe4 23. Qxb6 axb6 24. dxe4 Rxb5 25. cxb5 Bxb2 26. Bb4 d5 27. g3
Rc8 28. exd5 exd5 29. Rd1 Rc4 30. a3 d4 31. Kg2 Kf7 32. Kf3 Bc3 33. Ke4 Bxb4 34.
axb4 d3+ 35. Kxd3 Rxb4 36. Kc3 Rxb5 37. Rd7+ Kg8 38. Rxb7 h6 39. Kc4 Rb2 40. Kd5
Rxh2 41. Ke5 Rg2 42. Kf6 Rxg3 43. Rxb6 Rg4 44. Rb8+ Kh7 45. Rb7+ 1/2-1/2

[Event "15th London Classic Open"]
[Site "London ENG"]
[Date "2025.11.28"]
[Round "3.7"]
[White "Brunner, Nicolas"]
[Black "Kazarian, Anna-Maja"]
[Result "0-1"]
[WhiteTitle "IM"]
[BlackTitle "FM"]
[WhiteElo "2420"]
[BlackElo "2224"]
[WhiteFideId "620246"]
[BlackFideId "1033689"]
[EventDate "2025.11.27"]

1. d4 Nf6 2. c4 e6 3. Nc3 Bb4 4. Qc2 c5 5. dxc5 a5 6. Nf3 Na6 7. g3 Nxc5 8. Bg2
Nfe4 9. O-O Bxc3 10. bxc3 O-O 11. Nd4 f5 12. Nb5 Qe7 13. Ba3 d6 14. Rad1 Bd7 15.
Bxe4 Nxe4 16. Nxd6 Rfd8 17. c5 Bc6 18. f3 Nf6 19. c4 Nd7 20. Rb1 Qg5 21. Qc1 Qg6
22. Nxb7 Rf8 23. Kh1 Ne5 24. Qf4 Ng4 25. Kg1 e5 26. Qd2 f4 27. Qd3 e4 28. fxe4
Bxe4 29. Qb3 Nxh2 30. c6 Nxf1 31. Rxf1 f3 32. Bd6 f2+ 33. Rxf2 Rxf2 34. Kxf2
Bxc6 35. Bf4 Qf6 36. c5+ Qf7 37. Qxf7+ Kxf7 38. Nd6+ Ke6 39. e4 Rb8 40. Nf5 Rb2+
41. Ke3 Rxa2 42. Nxg7+ Kf6 43. Nf5 Ra3+ 44. Kd4 Ra4+ 45. Kc3 Bxe4 46. Nd4 Bd5
47. Bd6 Ra3+ 48. Kc2 Be4+ 49. Kb2 Rd3 50. Nb3 a4 51. Na1 Rd2+ 52. Ka3 Rd1 53.
Kb2 a3+ 0-1

[Event "15th London Classic Open"]
[Site "London ENG"]
[Date "2025.11.28"]
[Round "3.8"]
[White "Rozen, Eytan"]
[Black "Czopor, Maciej"]
[Result "1/2-1/2"]
[WhiteTitle "IM"]
[BlackTitle "IM"]
[WhiteElo "2515"]
[BlackElo "2463"]
[WhiteFideId "2816750"]
[BlackFideId "21805431"]
[EventDate "2025.11.27"]

1. Nf3 Nf6 2. c4 e6 3. g3 d5 4. Bg2 d4 5. d3 Bb4+ 6. Nbd2 a5 7. Ne5 O-O 8. O-O
Nbd7 9. Nxd7 Nxd7 10. Nf3 e5 11. e3 dxe3 12. Bxe3 Re8 13. Qc2 Bf8 14. Rad1 c5
15. Ng5 Nf6 16. Ne4 Nxe4 17. dxe4 Qc7 18. f4 Bg4 19. Rd5 f6 20. f5 Bh5 21. Bf3
Bf7 22. Rd3 Red8 23. Rfd1 Be7 24. b3 Rxd3 25. Rxd3 Rd8 26. a4 Rxd3 27. Qxd3 1/2-1/2

[Event "15th London Classic Open"]
[Site "London ENG"]
[Date "2025.11.28"]
[Round "3.9"]
[White "Ivic, Velimir"]
[Black "Harvey, Marcus R"]
[Result "1-0"]
[WhiteTitle "GM"]
[BlackTitle "IM"]
[WhiteElo "2618"]
[BlackElo "2438"]
[WhiteFideId "950122"]
[BlackFideId "400092"]
[EventDate "2025.11.27"]

1. e4 c6 2. d4 d5 3. e5 Bf5 4. h4 a6 5. Nc3 h5 6. Nce2 Bg4 7. f3 Bd7 8. c4 e6 9.
Bg5 Be7 10. Qd2 a5 11. Nh3 Nh6 12. O-O-O Nf5 13. Kb1 dxc4 14. Nf2 f6 15. Bf4 b5
16. g4 hxg4 17. fxg4 Nxh4 18. exf6 gxf6 19. Bg2 Kf7 20. Be4 Qg8 21. Bg3 Qg5 22.
Nf4 e5 23. dxe5 fxe5 24. Ng2 Qxd2 25. Rxd2 Nf3 26. Bxf3 Rxh1+ 27. Nxh1 e4 28.
Bxe4 Bxg4 29. Nf2 Be6 30. Nf4 Bg5 31. Rd1 Bc8 32. Nd5 Ra6 33. Bxb8 cxd5 34. Rxd5
Bh4 35. Nd1 b4 36. Rh5 Bf6 37. Ne3 c3 38. Rh7+ Kg8 39. Nd5 cxb2 40. Rc7 Bg4 41.
Ra7 Re6 42. Nxf6+ Rxf6 43. Rxa5 Rf1+ 44. Kxb2 Rf2+ 45. Kb3 Be6+ 46. Bd5 Bxd5+
47. Rxd5 Kf7 48. Re5 Rf6 49. Ba7 Re6 50. Rxe6 Kxe6 51. Kxb4 Kd6 52. Kb5 Kc7 53.
Ka6 Kc8 54. Kb6 1-0

[Event "15th London Classic Open"]
[Site "London ENG"]
[Date "2025.11.28"]
[Round "3.10"]
[White "Iniyan, Pa"]
[Black "Kanyamarala, Tarun"]
[Result "1-0"]
[WhiteTitle "GM"]
[BlackTitle "IM"]
[WhiteElo "2601"]
[BlackElo "2376"]
[WhiteFideId "25002767"]
[BlackFideId "45004714"]
[EventDate "2025.11.27"]

1. d4 Nf6 2. c4 e6 3. Nf3 d5 4. g3 Bb4+ 5. Bd2 Be7 6. Bg2 O-O 7. O-O c6 8. Bf4
Nbd7 9. Nc3 dxc4 10. e4 b5 11. d5 e5 12. Nxe5 Nxe5 13. Bxe5 Ng4 14. Bf4 b4 15.
d6 Bf6 16. Na4 Ne5 17. Rc1 Bg4 18. Qd2 Qa5 19. b3 Be6 20. Bxe5 Bxe5 21. f4 cxb3
22. axb3 Bxb3 23. Nc5 Bc3 24. Nxb3 Qb6+ 25. Qf2 Qxf2+ 26. Kxf2 a5 27. Ke3 a4 28.
Rxc3 bxc3 29. Nd4 a3 30. Nxc6 a2 31. Ra1 Ra3 32. Kd3 Rfa8 33. d7 Rb3 34. Rxa2 1-0

[Event "15th London Classic Open"]
[Site "London ENG"]
[Date "2025.11.28"]
[Round "3.11"]
[White "Kraemer, Martin"]
[Black "Li, Guohao"]
[Result "1-0"]
[WhiteTitle "GM"]
[WhiteElo "2571"]
[BlackElo "2348"]
[WhiteFideId "4671910"]
[BlackFideId "8619999"]
[EventDate "2025.11.27"]

1. e4 c6 2. d4 d5 3. e5 Bf5 4. h4 h5 5. c4 e6 6. Nc3 Ne7 7. Nge2 Nd7 8. Ng3 Bg6
9. Bg5 Qb6 10. Rc1 Qxb2 11. Bd3 Bxd3 12. Qxd3 dxc4 13. Qxc4 Nb6 14. Qd3 Ned5 15.
O-O Qa3 16. Qf3 Bb4 17. Nge4 Nc4 18. Qe2 b5 19. Nd1 Be7 20. Ne3 Ndxe3 21. fxe3
Bxg5 22. Nxg5 Rf8 23. Rce1 Qe7 24. Qxh5 O-O-O 25. Rxf7 Rxf7 26. Nxf7 Rf8 27. Ng5
a5 28. Qg4 Kd7 29. Ne4 Kc7 30. Nc5 Re8 31. Qg3 Kb6 32. Rf1 a4 33. Rc1 a3 34. Qe1
Na5 35. Rc3 b4 36. Rc1 1-0

[Event "15th London Classic Open"]
[Site "London ENG"]
[Date "2025.11.28"]
[Round "3.12"]
[White "Bhagat Kush"]
[Black "Jumabayev, Rinat"]
[Result "0-1"]
[WhiteTitle "FM"]
[BlackTitle "GM"]
[WhiteElo "2381"]
[BlackElo "2560"]
[WhiteFideId "46672940"]
[BlackFideId "13702661"]
[EventDate "2025.11.27"]

1. e4 c5 2. Nf3 e6 3. b3 d6 4. Bb2 Nf6 5. Qe2 e5 6. g3 Nc6 7. Bg2 g6 8. O-O Bg7
9. c3 O-O 10. d4 exd4 11. cxd4 Re8 12. dxc5 Rxe4 13. Qc2 Bf5 14. cxd6 Re6 15.
Qc1 Rc8 16. Nc3 Rxd6 17. Qg5 h6 18. Qh4 Nd4 19. Nxd4 Rxd4 20. Rad1 Rxh4 21.
Rxd8+ Rxd8 22. gxh4 Rd2 23. Ba1 Ng4 24. Ne4 Rxa2 25. Bxg7 Kxg7 26. h3 Ne5 27.
Nd6 b6 28. Re1 Nd3 29. Nxf5+ gxf5 30. Re7 Nxf2 31. Bd5 Nxh3+ 32. Kf1 Ra1+ 0-1

[Event "15th London Classic Open"]
[Site "London ENG"]
[Date "2025.11.28"]
[Round "3.13"]
[White "Kovchan, Alexander"]
[Black "Cornette, Matthieu"]
[Result "1/2-1/2"]
[WhiteTitle "GM"]
[BlackTitle "GM"]
[WhiteElo "2440"]
[BlackElo "2517"]
[WhiteFideId "14103052"]
[BlackFideId "620084"]
[EventDate "2025.11.27"]

1. e4 e5 2. Nf3 Nc6 3. Bb5 a6 4. Ba4 Bc5 5. c3 Nge7 6. O-O Ba7 7. d4 Ng6 8. Bxc6
dxc6 9. Nxe5 Nxe5 10. dxe5 Qe7 11. Qf3 Qxe5 12. Bf4 Qe7 13. Qg3 f6 14. Bxc7 h5
15. Na3 Be6 16. h4 g5 17. hxg5 h4 18. Qf4 fxg5 19. Qe5 Kf7 20. Nc2 h3 21. Nd4
hxg2 22. Rfe1 Bxd4 23. cxd4 Qd7 24. f4 Rae8 25. fxg5 Kg8 26. Qf6 Qxc7 27. Qg6+
Kf8 28. Qf6+ Kg8 29. Qg6+ 1/2-1/2

[Event "15th London Classic Open"]
[Site "London ENG"]
[Date "2025.11.28"]
[Round "3.14"]
[White "Fodor, Tamas Jr."]
[Black "Coicev, Matei-Andrei"]
[Result "1-0"]
[WhiteTitle "GM"]
[BlackTitle "FM"]
[WhiteElo "2508"]
[BlackElo "2332"]
[WhiteFideId "723762"]
[BlackFideId "1279688"]
[EventDate "2025.11.27"]

1. d4 d5 2. c4 e6 3. Nc3 Be7 4. cxd5 exd5 5. Bf4 Nf6 6. e3 O-O 7. Bd3 c5 8. Nge2
Nc6 9. O-O c4 10. Bc2 a6 11. Bg5 Bg4 12. f3 Be6 13. Nf4 h6 14. Bxf6 Bxf6 15.
Nxe6 fxe6 16. f4 Ne7 17. g4 g5 18. Ne2 Qd6 19. Qd2 gxf4 20. exf4 Qb6 21. Kh1 Bg7
22. Rad1 Kf7 23. Nc3 Ke8 24. Rfe1 Qd6 25. f5 exf5 26. gxf5 Kd8 27. Re6 Qd7 28.
Na4 Qc7 29. Rde1 Nc6 30. Qg2 Bf6 31. Rxf6 1-0